Marca País, República Dominicana CEI-RD (Record no. 8259)

MARC details
000 -LEADER
campo de control de longitud fija 00422nam a2200133Ia 4500
001 - NÚMERO DE CONTROL
campo de control 3843
008 - DATOS DE LONGITUD FIJA--INFORMACIÓN GENERAL
campo de control de longitud fija 241024s9999 xx 000 0 und d
082 ## - NÚMERO DE LA CLASIFICACIÓN DECIMAL DEWEY
Número de clasificación RD/382/C397m/2014
100 ## - ENTRADA PRINCIPAL--NOMBRE DE PERSONA
Nombre de persona República Dominicana. Centro de Exportación e Inversión de la República Dominicana CEI-RD
245 #0 - MENCIÓN DEL TÍTULO
Título Marca País, República Dominicana CEI-RD
260 ## - PUBLICACIÓN, DISTRIBUCIÓN, ETC.
Nombre del editor, distribuidor, etc. Santo Domingo
Fecha de publicación, distribución, etc. 2014
901 ## - ELEMENTOS DE DATOS A LOCAL LDA (RLIN)
a 4/11/2014 10:54:30 a.m.

No items available.

© 2024. Todos los Derechos Reservados. Desarrollado por IDEICE